Inicios de partida : coloquio sobre la obra de Michel Foucault
Guardado en:
| Institution som forfatter: | |
|---|---|
| Format: | Procedimiento de la Conferencia |
| Sprog: | Spanish |
| Udgivet: |
Ciudad de La Habana, Cuba
Centro de Investigacón y Desarrollo de la Cultura Cubana Juan Marinello
2000
|
| Fag: | |
| Tags: |
Tilføj Tag
Ingen Tags, Vær først til at tagge denne postø!
|
MARC
| LEADER | 000000000a22000000004500 | ||
|---|---|---|---|
| 001 | 001983 | ||
| 008 | 171120b xxu||||| |||| 00| 0 spa d | ||
| 020 | |a 9592420211 | ||
| 041 | 0 | |a español | |
| 082 | 0 | 4 | |a 194 |b F762i |
| 111 | 2 | |a Taller Cientifico "Los Desafíos de Foucault |d 1999 |c Habana, Cuba | |
| 245 | 1 | 0 | |a Inicios de partida : |b coloquio sobre la obra de Michel Foucault |
| 260 | |a Ciudad de La Habana, Cuba |b Centro de Investigacón y Desarrollo de la Cultura Cubana Juan Marinello |c 2000 | ||
| 300 | |a 224 páginas | ||
| 500 | |a número de inscripción 07040 (Colección George Yúdice) | ||
| 600 | 4 | |a FOUCAULT, MICHEL, 1926-1984 | |
| 942 | |2 ddc |c BK | ||
| 999 | |c 2867 |d 2867 | ||



